<?xml version="1.0" encoding="UTF-8"?>
<record
    xmlns:xsi="http://www.w3.org/2001/XMLSchema-instance"
    xsi:schemaLocation="http://www.loc.gov/MARC21/slim http://www.loc.gov/standards/marcxml/schema/MARC21slim.xsd"
    xmlns="http://www.loc.gov/MARC21/slim">

  <leader>02518nam2a2200301   4500</leader>
  <controlfield tag="001">RU\NLR\BIBL_A\011966795</controlfield>
  <controlfield tag="005">20190411132203.0</controlfield>
  <datafield tag="010" ind1=" " ind2=" ">
    <subfield code="a">978-5-87953-502-0</subfield>
    <subfield code="9">100</subfield>
  </datafield>
  <datafield tag="021" ind1=" " ind2=" ">
    <subfield code="a">RU</subfield>
    <subfield code="b">&#x41A;&#x41D;-&#x41F;-19-012638</subfield>
    <subfield code="9">&#x41A;&#x41D;-&#x41F;-19-0938</subfield>
  </datafield>
  <datafield tag="035" ind1=" " ind2=" ">
    <subfield code="a">(NLR Aleph) 011966795</subfield>
  </datafield>
  <datafield tag="035" ind1=" " ind2=" ">
    <subfield code="a">(RuMoRGB)009900173</subfield>
  </datafield>
  <datafield tag="090" ind1=" " ind2=" ">
    <subfield code="a">11234910</subfield>
    <subfield code="c">11234910</subfield>
  </datafield>
  <datafield tag="100" ind1=" " ind2=" ">
    <subfield code="a">20190321d2018    u  y0rusy50      ca</subfield>
  </datafield>
  <datafield tag="101" ind1="0" ind2=" ">
    <subfield code="a">rus</subfield>
  </datafield>
  <datafield tag="102" ind1=" " ind2=" ">
    <subfield code="a">RU</subfield>
  </datafield>
  <datafield tag="105" ind1=" " ind2=" ">
    <subfield code="a">y   z   000ay</subfield>
  </datafield>
  <datafield tag="200" ind1="0" ind2=" ">
    <subfield code="a">2018, &#x432;&#x44B;&#x43F;. 13</subfield>
    <subfield code="e">[&#x441;&#x431;&#x43E;&#x440;&#x43D;&#x438;&#x43A; &#x43F;&#x440;&#x43E;&#x438;&#x437;&#x432;&#x435;&#x434;&#x435;&#x43D;&#x438;&#x439; &#x443;&#x447;&#x430;&#x441;&#x442;&#x43D;&#x438;&#x43A;&#x43E;&#x432; &#x43A;&#x43E;&#x43D;&#x43A;&#x443;&#x440;&#x441;&#x430; "&#x411;&#x44B;&#x442;&#x44C; &#x442;&#x430;&#x43C;, &#x433;&#x434;&#x435; &#x43D;&#x443;&#x436;&#x43D;&#x44B; &#x43E;&#x43F;&#x44B;&#x442;, &#x443;&#x447;&#x430;&#x441;&#x442;&#x438;&#x435; &#x438; &#x431;&#x435;&#x441;&#x43A;&#x43E;&#x440;&#x44B;&#x441;&#x442;&#x438;&#x435; &#x447;&#x435;&#x43B;&#x43E;&#x432;&#x435;&#x43A;&#x430;" &#x438; &#x447;&#x43B;&#x435;&#x43D;&#x43E;&#x432; &#x43B;&#x438;&#x442;&#x435;&#x440;&#x430;&#x442;&#x443;&#x440;&#x43D;&#x43E;&#x433;&#x43E; &#x43E;&#x431;&#x44A;&#x435;&#x434;&#x438;&#x43D;&#x435;&#x43D;&#x438;&#x44F; "&#x41C;&#x430;&#x440;&#x44C;&#x438;&#x43D;&#x441;&#x43A;&#x430;&#x44F; &#x43C;&#x443;&#x437;&#x430;" &#x423;&#x43F;&#x440;&#x430;&#x432;&#x44B; &#x440;&#x430;&#x439;&#x43E;&#x43D;&#x430; &#x41C;&#x430;&#x440;&#x44C;&#x438;&#x43D;&#x43E; &#x433;&#x43E;&#x440;&#x43E;&#x434;&#x430; &#x41C;&#x43E;&#x441;&#x43A;&#x432;&#x44B;]</subfield>
    <subfield code="f">&#x41B;&#x438;&#x442;&#x435;&#x440;&#x430;&#x442;&#x443;&#x440;&#x43D;&#x43E;&#x435; &#x43E;&#x431;&#x44A;&#x435;&#x434;&#x438;&#x43D;&#x435;&#x43D;&#x438;&#x435; "&#x41C;&#x430;&#x440;&#x44C;&#x438;&#x43D;&#x441;&#x43A;&#x430;&#x44F; &#x43C;&#x443;&#x437;&#x430;"</subfield>
  </datafield>
  <datafield tag="210" ind1=" " ind2=" ">
    <subfield code="a">&#x41C;&#x43E;&#x441;&#x43A;&#x432;&#x430;</subfield>
    <subfield code="c">&#x41D;&#x430;&#x440;&#x43E;&#x434;&#x43D;&#x43E;&#x435; &#x43E;&#x431;&#x440;&#x430;&#x437;&#x43E;&#x432;&#x430;&#x43D;&#x438;&#x435;</subfield>
    <subfield code="d">2018</subfield>
  </datafield>
  <datafield tag="215" ind1=" " ind2=" ">
    <subfield code="a">270, [1] &#x441;.</subfield>
  </datafield>
  <datafield tag="327" ind1="0" ind2=" ">
    <subfield code="a">&#x421;&#x43E;&#x434;&#x435;&#x440;&#x436;.: &#x430;&#x432;&#x442;.: &#x415;&#x43B;&#x438;&#x437;&#x430;&#x432;&#x435;&#x442;&#x430; &#x41A;&#x43E;&#x437;&#x434;&#x43E;&#x431;&#x430;, &#x412;&#x43B;&#x430;&#x434;&#x438;&#x43C;&#x438;&#x440; &#x428;&#x430;&#x43F;&#x43E;&#x432;&#x430;&#x43B;, &#x41C;&#x438;&#x445;&#x430;&#x438;&#x43B; &#x411;&#x430;&#x43A;&#x43B;&#x430;&#x448;&#x43E;&#x432;, &#x413;&#x435;&#x440;&#x442;&#x440;&#x443;&#x434;&#x430; &#x410;&#x440;&#x443;&#x442;&#x44E;&#x43D;&#x43E;&#x432;&#x430;, &#x41B;&#x44E;&#x431;&#x43E;&#x432;&#x44C; &#x417;&#x430;&#x43F;&#x435;&#x43A;&#x438;&#x43D;&#x430;, &#x412;&#x43B;&#x430;&#x434;&#x438;&#x43C;&#x438;&#x440; &#x428;&#x438;&#x43B;&#x438;&#x43D;, &#x421;&#x432;&#x435;&#x442;&#x43B;&#x430;&#x43D;&#x430; &#x41A;&#x43E;&#x440;&#x447;&#x430;&#x433;&#x438;&#x43D;&#x430;, &#x422;&#x430;&#x442;&#x44C;&#x44F;&#x43D;&#x430; &#x41A;&#x43E;&#x440;&#x437;&#x43E;, &#x418;&#x440;&#x438;&#x43D;&#x430; &#x41A;&#x43E;&#x441;&#x438;&#x43B;&#x43E;&#x432;&#x430;, &#x410;&#x43B;&#x435;&#x43A;&#x441;&#x430;&#x43D;&#x434;&#x440; &#x41A;&#x43E;&#x447;&#x435;&#x442;&#x43A;&#x43E;&#x432; [&#x438; &#x434;&#x440;.]</subfield>
  </datafield>
  <datafield tag="461" ind1=" " ind2="0">
    <subfield code="1">001RU\NLR\bibl\1300403</subfield>
    <subfield code="1">2001#$a&#x41C;&#x430;&#x440;&#x44C;&#x438;&#x43D;&#x441;&#x43A;&#x430;&#x44F; &#x43C;&#x443;&#x437;&#x430;$e&#x441;&#x431;&#x43E;&#x440;&#x43D;&#x438;&#x43A; &#x43F;&#x440;&#x43E;&#x438;&#x437;&#x432;&#x435;&#x434;&#x435;&#x43D;&#x438;&#x439; &#x443;&#x447;&#x430;&#x441;&#x442;&#x43D;&#x438;&#x43A;&#x43E;&#x432; &#x43B;&#x438;&#x442;&#x435;&#x440;&#x430;&#x442;&#x443;&#x440;&#x43D;&#x43E;&#x433;&#x43E; &#x43E;&#x431;&#x44A;&#x435;&#x434;&#x438;&#x43D;&#x435;&#x43D;&#x438;&#x44F; "&#x41C;&#x430;&#x440;&#x44C;&#x438;&#x43D;&#x441;&#x43A;&#x430;&#x44F; &#x43C;&#x443;&#x437;&#x430;" &#x423;&#x43F;&#x440;&#x430;&#x432;&#x44B; &#x440;&#x430;&#x439;&#x43E;&#x43D;&#x430; &#x41C;&#x430;&#x440;&#x44C;&#x438;&#x43D;&#x43E; &#x433;&#x43E;&#x440;&#x43E;&#x434;&#x430; &#x41C;&#x43E;&#x441;&#x43A;&#x432;&#x44B;$v2018, &#x432;&#x44B;&#x43F;. 13</subfield>
    <subfield code="9">529077</subfield>
    <subfield code="c">&#x41C;&#x43E;&#x441;&#x43A;&#x432;&#x430;</subfield>
    <subfield code="d">2007</subfield>
    <subfield code="n">&#x41E;&#x431;&#x449;&#x435;&#x441;&#x442;&#x432;&#x43E; &#x434;&#x440;&#x443;&#x436;&#x431;&#x44B; &#x438; &#x440;&#x430;&#x437;&#x432;&#x438;&#x442;&#x438;&#x44F; &#x441;&#x43E;&#x442;&#x440;&#x443;&#x434;&#x43D;&#x438;&#x447;&#x435;&#x441;&#x442;&#x432;&#x430; &#x441; &#x437;&#x430;&#x440;&#x443;&#x431;&#x435;&#x436;&#x43D;&#x44B;&#x43C;&#x438; &#x441;&#x442;&#x440;&#x430;&#x43D;&#x430;&#x43C;&#x438;</subfield>
    <subfield code="o">&#x441;&#x431;&#x43E;&#x440;&#x43D;&#x438;&#x43A; &#x43F;&#x440;&#x43E;&#x438;&#x437;&#x432;&#x435;&#x434;&#x435;&#x43D;&#x438;&#x439; &#x443;&#x447;&#x430;&#x441;&#x442;&#x43D;&#x438;&#x43A;&#x43E;&#x432; &#x43B;&#x438;&#x442;&#x435;&#x440;&#x430;&#x442;&#x443;&#x440;&#x43D;&#x43E;&#x433;&#x43E; &#x43E;&#x431;&#x44A;&#x435;&#x434;&#x438;&#x43D;&#x435;&#x43D;&#x438;&#x44F; "&#x41C;&#x430;&#x440;&#x44C;&#x438;&#x43D;&#x441;&#x43A;&#x430;&#x44F; &#x43C;&#x443;&#x437;&#x430;" &#x423;&#x43F;&#x440;&#x430;&#x432;&#x44B; &#x440;&#x430;&#x439;&#x43E;&#x43D;&#x430; &#x41C;&#x430;&#x440;&#x44C;&#x438;&#x43D;&#x43E; &#x433;&#x43E;&#x440;&#x43E;&#x434;&#x430; &#x41C;&#x43E;&#x441;&#x43A;&#x432;&#x44B;</subfield>
    <subfield code="t">&#x41C;&#x430;&#x440;&#x44C;&#x438;&#x43D;&#x441;&#x43A;&#x430;&#x44F; &#x43C;&#x443;&#x437;&#x430;</subfield>
    <subfield code="v">2018, &#x432;&#x44B;&#x43F;. 13</subfield>
  </datafield>
  <datafield tag="711" ind1="1" ind2="2">
    <subfield code="a">"&#x411;&#x44B;&#x442;&#x44C; &#x442;&#x430;&#x43C;, &#x433;&#x434;&#x435; &#x43D;&#x443;&#x436;&#x43D;&#x44B; &#x43E;&#x43F;&#x44B;&#x442;, &#x443;&#x447;&#x430;&#x441;&#x442;&#x438;&#x435; &#x438; &#x431;&#x435;&#x441;&#x43A;&#x43E;&#x440;&#x44B;&#x441;&#x442;&#x438;&#x435; &#x447;&#x435;&#x43B;&#x43E;&#x432;&#x435;&#x43A;&#x430;", &#x43B;&#x438;&#x442;&#x435;&#x440;&#x430;&#x442;&#x443;&#x440;&#x43D;&#x44B;&#x439; &#x43A;&#x43E;&#x43D;&#x43A;&#x443;&#x440;&#x441;</subfield>
    <subfield code="e">&#x41C;&#x43E;&#x441;&#x43A;&#x432;&#x430;</subfield>
    <subfield code="f">2018</subfield>
    <subfield code="9">656828</subfield>
    <subfield code="3">RU\NLR\AUTH\880498524</subfield>
  </datafield>
  <datafield tag="852" ind1=" " ind2=" ">
    <subfield code="a">NLR</subfield>
    <subfield code="j">2008-3/23176</subfield>
  </datafield>
  <datafield tag="942" ind1=" " ind2=" ">
    <subfield code="c">BOOK</subfield>
  </datafield>
  <datafield tag="980" ind1=" " ind2=" ">
    <subfield code="a">NB</subfield>
  </datafield>
  <datafield tag="995" ind1=" " ind2=" ">
    <subfield code="5">2019-03-21</subfield>
    <subfield code="a">ad</subfield>
    <subfield code="b">NLR01</subfield>
    <subfield code="c">NLR01</subfield>
    <subfield code="e">RF9</subfield>
    <subfield code="f">1-2655037</subfield>
    <subfield code="k">2008-3/23176</subfield>
    <subfield code="o">0</subfield>
    <subfield code="r">BOOK</subfield>
    <subfield code="s">2008323176_</subfield>
  </datafield>
  <datafield tag="995" ind1=" " ind2=" ">
    <subfield code="5">2019-03-21</subfield>
    <subfield code="a">ad</subfield>
    <subfield code="b">NLR01</subfield>
    <subfield code="c">NLR01</subfield>
    <subfield code="e">RF9</subfield>
    <subfield code="f">1-2655038</subfield>
    <subfield code="k">2008-3/23176</subfield>
    <subfield code="o">0</subfield>
    <subfield code="r">BOOK</subfield>
    <subfield code="s">2008323176_</subfield>
  </datafield>
</record>
